000 00624nam a2200241 a 4500
001 0001-1160
003 ELIB.Books
008 150506 2010 eng
020 _a13: 9780470824818
035 _a(ELIB.Books)0001-1315
092 _a959
_bChu
100 _aChurch, Peter.
245 _aA Short History of South-East Asia
260 _aSingapore
_bJohn Wiley & Sons, Inc.
_c2009
300 _a225
_c21.5 Cm
500 _aC/o Moe Lwei
650 _aSouth East Asia
856 _nKBTS: Library
_uKBTS: Elib
942 _2ddc
_cBK
990 _a1
998 _cbat
_e2015-05-06
999 _c11160
_d11160